书目信息 |
| 题名: |
明代的一百个老百姓
|
|
| 作者: | 邓占云 编著 | |
| 分册: | ||
| 出版信息: | 北京 中国文史出版社 2009.01 |
|
| 页数: | 285页 | |
| 开本: | 23cm | |
| 丛书名: | 中国的脊梁 | |
| 单 册: | ||
| 中图分类: | K820.48 | |
| 科图分类: | ||
| 主题词: | 历史人物--生平事迹--中国--明代 , 历史人物 | |
| 电子资源: | ||
| ISBN: | 978-7-5034-2258-4 | |
| 000 | 00871nam0 22002771 450 | |
| 001 | 004115788 | |
| 005 | 20111230175235.50 | |
| 010 | @a978-7-5034-2258-4@dCNY28.80 | |
| 096 | @ak820.48@bdzy | |
| 100 | @a20090410d2009 em y0chiy50 ea | |
| 101 | 0 | @achi |
| 102 | @aCN@b110000 | |
| 105 | @ay z 000yd | |
| 200 | 1 | @a明代的一百个老百姓@9ming dai de yi bai ge lao bai xing@f邓占云[编著] |
| 210 | @a北京@c中国文史出版社@d2009.01 | |
| 215 | @a285页@d23cm | |
| 225 | 2 | @a中国的脊梁 |
| 330 | @a本书试图通过为每位历史人物立小传的形式,再现明代社会中各类平民百姓的生活状况与精神面貌。 | |
| 410 | 0 | @12001 @a中国的脊梁 |
| 606 | 0 | @a历史人物@x生平事迹@y中国@z明代 |
| 606 | 0 | @a历史人物 |
| 690 | @aK820.48@v4 | |
| 701 | 0 | @a邓占云@9deng zhan yun@f(1972~)@4编著 |
| 801 | 2 | @aCN@b110019@c20111230 |
| 801 | 0 | @aCN@b110019@c20090319 |
| 905 | @aZUCC@dK820.48@eD340@f3 | |
| 明代的一百个老百姓/邓占云[编著].-北京:中国文史出版社,2009.01 |
| 285页;23cm.-(中国的脊梁) |
| ISBN 978-7-5034-2258-4:CNY28.80 |
| 本书试图通过为每位历史人物立小传的形式,再现明代社会中各类平民百姓的生活状况与精神面貌。 |
| ● |
| 相关链接 |
|
|
|
正题名:明代的一百个老百姓
索取号:K820.48/D340
 
预约/预借
| 序号 | 登录号 | 条形码 | 馆藏地/架位号 | 状态 | 备注 |
| 1 | 1189751 | 211897517 | 社科库309/309社科库 44排6列5层/ [索取号:K820.48/D340] | 在馆 | |
| 2 | 1189752 | 211897526 | 社科库309/309社科库 44排6列5层/ [索取号:K820.48/D340] | 在馆 | |
| 3 | 1189753 | 211897535 | 社科库309/309社科库 44排6列5层/ [索取号:K820.48/D340] | 在馆 |